Jules Verne et ses voyages d'aprés l'ouvrage biographique de M. Allotte de la Fuyë et les documents fournis par les hé ritiers / (Registro nro. 65016)
[ vista simple ]
| 000 -LEADER | |
|---|---|
| campo de control de longitud fija | 00642nam a2200181 i 4500 |
| 001 - NÚMERO DE CONTROL | |
| campo de control | 65016 |
| 003 - IDENTIFICADOR DE NÚMERO DE CONTROL | |
| campo de control | ES-MaACL |
| 005 - FECHA Y HORA DE LA ÚLTIMA TRANSACCIÓN | |
| campo de control | 20250817012718.0 |
| 007 - CAMPO FIJO DE DESCRIPCIÓN FÍSICA--INFORMACIÓN GENERAL | |
| campo de control de longitud fija | t| |
| 008 - DATOS DE LONGITUD FIJA--INFORMACIÓN GENERAL | |
| campo de control de longitud fija | 040108s1941 fr ||||1| fre d |
| 100 1# - ENTRADA PRINCIPAL--NOMBRE DE PERSONA | |
| Nombre de persona | Frank, Bernard. |
| 9 (RLIN) | 52299 |
| 245 10 - MENCIÓN DEL TÍTULO | |
| Título | Jules Verne et ses voyages d'aprés l'ouvrage biographique de M. Allotte de la Fuyë et les documents fournis par les hé ritiers / |
| Mención de responsabilidad, etc. | Bernard Frank. |
| 260 ## - PUBLICACIÓN, DISTRIBUCIÓN, ETC. | |
| Lugar de publicación, distribución, etc. | Paris : |
| Nombre del editor, distribuidor, etc. | Ernest Flammarion, |
| Fecha de publicación, distribución, etc. | 1941 ( |
| Lugar de fabricación/manufactura | Lagny : |
| Fabricante | Emmanuel Grevin) |
| 300 ## - DESCRIPCIÓN FÍSICA | |
| Extensión | 248 p., 4 lám. ; |
| Dimensiones | 19 cm. |
| 600 14 - PUNTO DE ACCESO ADICIONAL DE MATERIA--NOMBRE DE PERSONA | |
| Nombre de persona | Verne, Jules, |
| Fechas asociadas al nombre | 1828-1905 |
| 9 (RLIN) | 188654 |
| 852 ## - LOCALIZACIÓN | |
| Ubicación | ES-MaACL |
| Número de control de estantería | E-939 |
| Sublocalización o colección | R.26700 |
| Estatus retirado | Estado de pérdida | Estado de daño | No para préstamo | Biblioteca de origen | Biblioteca actual | Ubicación en estantería | Fecha de adquisición | Fuente de adquisición | Total de préstamos | Signatura topográfica completa | Código de barras | Visto por última vez | Precio de reemplazo | Tipo de ítem Koha |
|---|---|---|---|---|---|---|---|---|---|---|---|---|---|---|
| Biblioteca del Ateneo de Madrid | Biblioteca del Ateneo de Madrid | Depósito 2 | 17/01/2008 | E-939 | 1068120 | 23/02/2023 | 23/02/2023 | Libro impreso |
